| 000 | 01024naa a22002777a 4500 | ||
|---|---|---|---|
| 001 | BR6010215 | ||
| 003 | BR-BrBNA | ||
| 005 | 20240918173156.0 | ||
| 007 | ta | ||
| 008 | 230509b bl.||||| |||| 00| 0 por d | ||
| 040 |
_aBR-BrBNA _bpor _cBiblioteca Nacional de Agricultura |
||
| 041 | _a(Pt) | ||
| 072 | _aK00; U10 | ||
| 090 | _aK00 BR6010215 | ||
| 100 | 1 | _aMyers, C.C. | |
| 111 | 1 |
_a3. Simposio Florestal de Minas Gerais _cVicosa, MG (Brazil) _d17 Sep 1968 |
|
| 245 | 1 | _aAplicacoes dos computadores na ciencia florestal | |
| 260 | 3 |
_aVicosa, MG (Brasil): _c1968. |
|
| 500 | _aAnais do 3. Simposio Florestal de Minas Gerais. Pesquisas e Industrias Florestais Vicosa, MG (Brasil): 1968. p. 68-71 (BR6010215-AM)K00 | ||
| 650 | _aCiencia florestal | ||
| 650 | _aMatematica | ||
| 650 | _aComputador | ||
| 773 | 0 |
_tAnais do 3. Simposio Florestal de Minas Gerais. Pesquisas e Industrias Florestais _wK00 BR6010215 _gVicosa, MG (Brasil), 1968. p. 68-71 |
|
| 909 |
_a202404 _bLucia _c55 _dLucia Elande |
||
| 942 |
_cAM _2AGRIS |
||
| 999 |
_c303296 _d303296 |
||